Analogie et communication. Interpellation, dialogue interculturel et transmodernité (notice n° 2211277)

détails MARC
000 -LEADER
fixed length control field 01193cam a2200217 4500500
005 - DATE AND TIME OF LATEST TRANSACTION
control field 20260412001143.0
041 ## - LANGUAGE CODE
Language code of text/sound track or separate title fre
042 ## - AUTHENTICATION CODE
Authentication code dc
100 10 - MAIN ENTRY--PERSONAL NAME
Personal name Dussel, Enrique
Relator term author
245 00 - TITLE STATEMENT
Title Analogie et communication. Interpellation, dialogue interculturel et transmodernité
260 ## - PUBLICATION, DISTRIBUTION, ETC.
Date of publication, distribution, etc. 2026.<br/>
500 ## - GENERAL NOTE
General note 79
520 ## - SUMMARY, ETC.
Summary, etc. Comment respecter l’altérité de l’Autre, tout en affirmant qu’il est possible de communiquer avec lui, avec elle ? Comment penser la diversité des composantes qui constitue du peuple ? Comment imaginer les contours d’un dialogue interculturel un monde pluriversel, décolonisé et transmoderne ? À ces trois questions, Dussel répond : il faut repenser le concept d’analogie. Un grand texte du philosophe latino-américain, traduit pour la première fois en français pour Les Temps qui restent.
690 ## - LOCAL SUBJECT ADDED ENTRY--TOPICAL TERM (OCLC, RLIN)
Topical term or geographic name as entry element #ENRIQUE DUSSEL
690 ## - LOCAL SUBJECT ADDED ENTRY--TOPICAL TERM (OCLC, RLIN)
Topical term or geographic name as entry element #MODERNITÉ
690 ## - LOCAL SUBJECT ADDED ENTRY--TOPICAL TERM (OCLC, RLIN)
Topical term or geographic name as entry element #TRADUCTION
690 ## - LOCAL SUBJECT ADDED ENTRY--TOPICAL TERM (OCLC, RLIN)
Topical term or geographic name as entry element ÉTUDES
700 10 - ADDED ENTRY--PERSONAL NAME
Personal name Levine, Emmanuel
Relator term author
786 0# - DATA SOURCE ENTRY
Note Les Temps qui restent | 7 | 3 | 2026-02-20 | p. 40-61 | 3038-0464
856 41 - ELECTRONIC LOCATION AND ACCESS
Uniform Resource Identifier <a href="https://shs.cairn.info/revue-les-temps-qui-restent-2025-3-page-40?lang=fr&redirect-ssocas=7080">https://shs.cairn.info/revue-les-temps-qui-restent-2025-3-page-40?lang=fr&redirect-ssocas=7080</a>

Pas d'exemplaire disponible.

PLUDOC

PLUDOC est la plateforme unique et centralisée de gestion des bibliothèques physiques et numériques de Guinée administré par le CEDUST. Elle est la plus grande base de données de ressources documentaires pour les Étudiants, Enseignants chercheurs et Chercheurs de Guinée.

Adresse

627 919 101/664 919 101

25 boulevard du commerce
Kaloum, Conakry, Guinée

Réseaux sociaux

Powered by Netsen Group @ 2025